British Columbia Premiers - Statistics

General Stats
  • This quiz has been taken 45 times
  • The average score is 12 of 35
Answer Stats
Term Political Party Answer % Correct
2011 - Present Liberal Party Christy Clark
97%
1996 - 1999 New Democratic Party Glen Clark
93%
2001 - 2011 Liberal Party Gordon Campbell
77%
1975 - 1986 Social Credit Party Bill Bennett
70%
1952 - 1972 Social Credit Party William Andrew Cecil Bennett
70%
1986 - 1991 Social Credit Party Bill Vander Zalm
60%
2000 - 2001 New Democratic Party Ujjal Dosanjh
57%
1991 - 1996 New Democratic Party Mike Harcourt
53%
1947 - 1952 Liberal Party Boss Johnson
43%
1972 - 1975 New Democratic Party Dave Barrett
43%
1872 - 1874 None Amor De Cosmos
40%
1999 - 2000 New Democratic Party Dan Miller
40%
1991 Social Credit Party Rita Johnston
40%
1900 - 1902 None James Dunsmuir
33%
1883 - 1887 None William Smithe
33%
1887 - 1889 None Alexander Edmund Batson Davie
27%
1903 - 1915 Conservative Party Richard McBride
27%
1928 - 1933 Conservative Party Simon Fraser Tolmie
27%
1892 - 1895 None Theodore Davie
27%
1933 - 1941 Liberal Party Thomas Dufferin Patullo
27%
1941 - 1947 Liberal Party John Hart
23%
1916 - 1918 Liberal Party Harlan Carey Brewster
20%
1871 - 1872 None John Foster McCreight
20%
1918 - 1927 Liberal Party John Oliver
20%
1902 - 1903 None Edward Gawler Prior
17%
1895 - 1898 None John Herbert Turner
17%
1898 - 1900 None Charles Augustus Semlin
13%
1889 - 1892 None John Robson
13%
1900 None Joseph Martin
10%
1915 - 1916 Conservative Party William John Bowser
10%
1876 - 1878 None Andrew Charles Elliott
7%
1882 - 1883 None Robert Beaven
7%
1878 - 1882 None George Anthony Walkem
3%
1874 - 1876 None George Anthony Walkem
3%
1927 - 1928 Liberal Party John Duncan MacLean
3%
No matching quizzes found
Score Distribution
Percent of People with Each Score
Percentile by Number Answered
Your Score History
You have not taken this quiz